000
00325nam a2200109Ia 4500
008
221009s9999 xx 000 0 und d
082
_a
741.642 BOOK
100
_a
बिडला, घनश्यामदास
_9
45943
245
0
_a
ध्रुवो पाख्या
260
_b
दिल्ली
942
_c
BK
999
_c
64598
_d
64598